000 00412nam a2200157Ia 4500
003 GCL
008 140319s9999 xx 000 0 eng d
040 _aGCL /
_cGCL
082 0 4 _a523.1
_bN I
100 1 _aNARLIKAR, JAYANTV
245 1 0 _aINTRODUCTION TO COSMOLOGY /
_cNARLIKAR, JAYANTV
260 _a[S.N] :
_bCAMBRIBGE UNIVERSITY PRESS ،
_c1993
300 _a415 P
650 0 4 _aCOSMOLOGY
942 _2ddc
_cBK
999 _c21057
_d21057